<?xml version="1.0" encoding="UTF-8"?>
<record
    xmlns:xsi="http://www.w3.org/2001/XMLSchema-instance"
    xsi:schemaLocation="http://www.loc.gov/MARC21/slim http://www.loc.gov/standards/marcxml/schema/MARC21slim.xsd"
    xmlns="http://www.loc.gov/MARC21/slim">

  <leader>01281nam a2200253 i 4500</leader>
  <controlfield tag="001">154237</controlfield>
  <controlfield tag="003">ES-MaACL</controlfield>
  <controlfield tag="005">20250930063132.0</controlfield>
  <controlfield tag="008">931025s1617    sp           |||| | spa d</controlfield>
  <datafield tag="100" ind1="1" ind2=" ">
    <subfield code="a">Garcilaso de la Vega, </subfield>
    <subfield code="c">el Inca, </subfield>
    <subfield code="d">1539-1616</subfield>
    <subfield code="9">55472</subfield>
  </datafield>
  <datafield tag="245" ind1="1" ind2="0">
    <subfield code="a">Historia general del Peru : </subfield>
    <subfield code="b">trata el descubrimiento del, y como lo ganaron los espa&#xF1;oles : las guerras civiles que huuo entre Pi&#xE7;arros y Almagros, sobre la partija de la tierra : castigo y leuantamiero de tiranos, y otros sucessos particulares que en la historia se contienen / </subfield>
    <subfield code="c">escrita por el ynca Garcilasso de la Vega...</subfield>
  </datafield>
  <datafield tag="260" ind1=" " ind2=" ">
    <subfield code="a">En Cordoua : </subfield>
    <subfield code="b">por la Viuda de Andres Barrera, y &#xE0; su costa, </subfield>
    <subfield code="c">1617.</subfield>
  </datafield>
  <datafield tag="300" ind1=" " ind2=" ">
    <subfield code="a">[8], 300, [6] h. ; </subfield>
    <subfield code="c">fol.</subfield>
  </datafield>
  <datafield tag="530" ind1=" " ind2=" ">
    <subfield code="a">Disponible en formato digital</subfield>
  </datafield>
  <datafield tag="597" ind1=" " ind2=" ">
    <subfield code="a">Sign.: [calder&#xF3;n]8, A-Z8, 2A-2O8, 2P4, 2Q6.</subfield>
  </datafield>
  <datafield tag="597" ind1=" " ind2=" ">
    <subfield code="a">Texto a dos columnas</subfield>
  </datafield>
  <datafield tag="597" ind1=" " ind2=" ">
    <subfield code="a">Port. con grab. xilogr&#xE1;fico</subfield>
  </datafield>
  <datafield tag="651" ind1=" " ind2="4">
    <subfield code="a">Per&#xFA;-</subfield>
    <subfield code="x">Historia-</subfield>
    <subfield code="y">Descubrimiento y conquista, 1522-1548.</subfield>
    <subfield code="9">9226</subfield>
  </datafield>
  <datafield tag="852" ind1="4" ind2=" ">
    <subfield code="a">ES-MaACL</subfield>
    <subfield code="j">R-159  </subfield>
    <subfield code="z"> </subfield>
    <subfield code="x">Holandesa</subfield>
    <subfield code="c">DEPO</subfield>
    <subfield code="d">B-11594</subfield>
  </datafield>
  <datafield tag="856" ind1=" " ind2=" ">
    <subfield code="u">http://bdh-rd.bne.es/viewer.vm?id=0000092784&amp;page=1</subfield>
    <subfield code="y">Versi&#xF3;n en l&#xED;nea</subfield>
    <subfield code="z">(Biblioteca Digital Hisp&#xE1;nica)</subfield>
  </datafield>
  <datafield tag="942" ind1=" " ind2=" ">
    <subfield code="2">udc</subfield>
    <subfield code="c">MONANT</subfield>
    <subfield code="n">0</subfield>
  </datafield>
  <datafield tag="999" ind1=" " ind2=" ">
    <subfield code="c">154237</subfield>
    <subfield code="d">154237</subfield>
  </datafield>
  <datafield tag="952" ind1=" " ind2=" ">
    <subfield code="0">0</subfield>
    <subfield code="1">0</subfield>
    <subfield code="4">0</subfield>
    <subfield code="7">0</subfield>
    <subfield code="a">ATENEOM</subfield>
    <subfield code="b">ATENEOM</subfield>
    <subfield code="c">DEPO</subfield>
    <subfield code="d">2008-01-17</subfield>
    <subfield code="e">SSC</subfield>
    <subfield code="l">0</subfield>
    <subfield code="o">R-159</subfield>
    <subfield code="p">1161283</subfield>
    <subfield code="r">2023-02-23 00:00:00</subfield>
    <subfield code="w">2023-02-23</subfield>
    <subfield code="y">MONANT</subfield>
  </datafield>
</record>
